| 000 | 00422cam a2200169ua 4500 | ||
|---|---|---|---|
| 020 | _c4.00 | ||
| 041 |
_aeng _h |
||
| 082 |
_a320.58 _bKRI/SE |
||
| 100 | _aKrishnadas, . | ||
| 245 |
_aSeven months with Mahatma Gandhi / _cKrishnadas. _hTextual Documents |
||
| 260 |
_aAhmadabad : _bNavajivan publishing house , _c1951. |
||
| 300 | _a272 ; . | ||
| 365 | _a4.00 | ||
| 504 | _a | ||
| 942 | _cBK | ||
| 999 |
_c923 _d923 |
||